Quizz: les coach de football - Statistiques

Statistiques générales
  • Ce quiz a été pris 424 fois
  • Le résultat moyen est 9 sur 10
Statistiques - réponses
Question Réponse % Correct
Quel entraîneur français a remporté la Coupe du Monde avec la France en tant que joueur et entraîneur ? Didier Deschamps
96%
Quel entraîneur allemand a mené Liverpool à sa première Ligue des Champions en 2019 ? Jürgen Klopp
96%
Quel ancien joueur du FC Barcelone est actuellement l'entraîneur de l'équipe (2024) ? Xavi Hernandez
94%
Quel entraîneur a remporté trois fois consécutivement la Ligue des Champions avec le Real Madrid ? Zinedine Zidane
94%
Quel entraîneur est surnommé "The Special One" ? José Mourinho
90%
Quel entraîneur a mené Chelsea à la victoire en Ligue des Champions en 2021 ? Thomas Tuchel
89%
Qui est l’entraîneur qui a remporté le plus grand nombre de titres de Premier League ? Alex Ferguson
88%
Quel entraîneur argentin a emmené l’Argentine à la victoire en Coupe du Monde 2022 ? Lionel Scaloni
85%
Quel entraîneur espagnol est connu pour son "tiki-taka" avec Barcelone ? Pep Guardiola
83%
Quel entraîneur a remporté la Ligue des Champions avec trois clubs différents ? Carlo Ancelotti
52%
Aucun quiz correspondant
Distribution des résultats
% des personnes avec chaque résultat
Percentile par nombre de réponses
Votre historique - résultats
Vous n’avez pas pris ce quiz